| 000 | 00564nam a2200241Ia 4500 | ||
|---|---|---|---|
| 008 | 210210b2009 xxu||||| |||| 00| 0 eng d | ||
| 020 | _a9788131720936 | ||
| 041 | _aeng | ||
| 082 | _a621.380413 STAW | ||
| 100 | _aSTALLINGS (William) | ||
| 245 | _aWireless communications and networks Ed 2 | ||
| 250 | _a | ||
| 260 |
_aDelhi _bPearson _c2009 |
||
| 300 | _axi,596 | ||
| 650 | _aWireless | ||
| 650 | _anetworks | ||
| 650 | _aEd | ||
| 650 | _acommunications | ||
| 650 | _aand | ||
| 650 | _a2 | ||
| 690 | _aElectronic Communication | ||
| 906 | _a066933 | ||
| 999 |
_c149383 _d149383 |
||